[Event "DVM U12w 2024"]
[Site "Bad Homburg GER"]
[Date "2024.12.29"]
[Round "5"]
[White "Subocz, Barbara"]
[Black "Sobczak, Zuzanna"]
[Result "0-1"]
[Termination "normal"]
[Board "1.2"]
[WhiteElo "1623"]
[BlackElo "1598"]
[WhiteClock "00:54:12"]
[BlackClock "00:44:47"]
[WhiteTeam "SAV Torgelow-Drögeheide 90"]
[BlackTeam "SF München"]
[PlyCount "72"]
[WhiteFideId "41805658"]
[BlackFideId "34670050"]
[EventCountry "GER"]
[EventRounds "7"]
[EventType "team-swiss"]
[EventDate "2024.12.26"]

1. e4 {[%clk 01:30:57]} {[%emt 00:00:03]} c5 {[%clk 01:30:56]} {[%emt
00:00:04]} 2. c3 {[%clk 01:31:22]} {[%emt 00:00:05]} Qa5 {[%clk 01:31:21]}
{[%emt 00:00:05]} 3. Nf3 {[%clk 01:30:58]} {[%emt 00:00:54]} e6 {[%clk
01:31:36]} {[%emt 00:00:14]} 4. d4 {[%clk 01:29:45]} {[%emt 00:01:44]} cxd4
{[%clk 01:31:56]} {[%emt 00:00:10]} 5. Nxd4 {[%clk 01:30:08]} {[%emt 00:00:07]}
Nf6 {[%clk 01:32:12]} {[%emt 00:00:14]} 6. Bd3 {[%clk 01:24:42]} {[%emt
00:05:55]} Nc6 {[%clk 01:31:48]} {[%emt 00:00:54]} 7. Bd2 {[%clk 01:20:23]}
{[%emt 00:04:50]} Be7 {[%clk 01:29:48]} {[%emt 00:02:29]} 8. O-O {[%clk
01:20:04]} {[%emt 00:00:50]} O-O {[%clk 01:30:03]} {[%emt 00:00:15]} 9. Be3
{[%clk 01:19:21]} {[%emt 00:01:14]} e5 {[%clk 01:25:17]} {[%emt 00:05:17]} 10.
Nf5 {[%clk 01:14:20]} {[%emt 00:05:30]} d5 {[%clk 01:24:53]} {[%emt 00:00:54]}
11. Nxe7+ {[%clk 01:13:56]} {[%emt 00:00:54]} Nxe7 {[%clk 01:25:05]} {[%emt
00:00:19]} 12. exd5 {[%clk 01:13:35]} {[%emt 00:00:51]} Qxd5 {[%clk 01:24:04]}
{[%emt 00:01:30]} 13. c4 {[%clk 01:11:49]} {[%emt 00:02:16]} Qd7 {[%clk
01:22:18]} {[%emt 00:02:16]} 14. Nc3 {[%clk 01:09:21]} {[%emt 00:02:58]} Nf5
{[%clk 01:13:26]} {[%emt 00:09:22]} 15. Bc5 {[%clk 01:03:35]} {[%emt 00:06:15]}
Re8 {[%clk 01:12:59]} {[%emt 00:00:59]} 16. Qc2 {[%clk 01:02:22]} {[%emt
00:01:39]} Nd4 {[%clk 01:13:14]} {[%emt 00:00:17]} 17. Bxd4 {[%clk 01:00:18]}
{[%emt 00:02:36]} exd4 {[%clk 01:12:56]} {[%emt 00:00:48]} 18. Ne2 {[%clk
01:00:16]} {[%emt 00:00:33]} b6 {[%clk 00:57:52]} {[%emt 00:15:34]} 19. Rad1
{[%clk 00:58:58]} {[%emt 00:01:46]} Bb7 {[%clk 00:57:27]} {[%emt 00:00:57]} 20.
Bf5 {[%clk 00:58:11]} {[%emt 00:01:16]} Qc6 {[%clk 00:57:43]} {[%emt 00:00:14]}
21. Bh3 {[%clk 00:58:29]} {[%emt 00:00:12]} b5 {[%clk 00:43:45]} {[%emt
00:14:29]} 22. Nxd4 {[%clk 00:58:12]} {[%emt 00:00:47]} Qxc4 {[%clk 00:43:53]}
{[%emt 00:00:21]} 23. Qxc4 {[%clk 00:56:58]} {[%emt 00:01:44]} bxc4 {[%clk
00:44:13]} {[%emt 00:00:10]} 24. Rc1 {[%clk 00:57:02]} {[%emt 00:00:20]} Rad8
{[%clk 00:43:08]} {[%emt 00:01:42]} 25. Rxc4 {[%clk 00:55:59]} {[%emt
00:01:32]} Ba6 {[%clk 00:43:24]} {[%emt 00:00:15]} 26. Ra4 {[%clk 00:54:43]}
{[%emt 00:01:46]} Bxf1 {[%clk 00:43:44]} {[%emt 00:00:09]} 27. Kxf1 {[%clk
00:55:06]} {[%emt 00:00:06]} Re4 {[%clk 00:43:54]} {[%emt 00:00:17]} 28. Rxa7
{[%clk 00:55:20]} {[%emt 00:00:20]} Rexd4 {[%clk 00:44:06]} {[%emt 00:00:18]}
29. g3 {[%clk 00:55:41]} {[%emt 00:00:08]} g6 {[%clk 00:44:25]} {[%emt
00:00:11]} 30. a3 {[%clk 00:55:40]} {[%emt 00:00:32]} Rd2 {[%clk 00:44:49]}
{[%emt 00:00:05]} 31. b4 {[%clk 00:56:01]} {[%emt 00:00:09]} Ne4 {[%clk
00:44:59]} {[%emt 00:00:20]} 32. b5 {[%clk 00:55:25]} {[%emt 00:01:07]} Rxf2+
{[%clk 00:45:22]} {[%emt 00:00:07]} 33. Ke1 {[%clk 00:55:35]} {[%emt 00:00:20]}
Rb2 {[%clk 00:44:19]} {[%emt 00:01:33]} 34. a4 {[%emt 00:00:57]} f5 {[%clk
00:44:32]} 35. Rb7 {[%clk 00:55:21]} {[%emt 00:00:34]} Nc3 {[%clk 00:44:47]}
{[%emt 00:00:15]} 36. a5 {[%clk 00:54:12]} {[%emt 00:01:40]} Rd1# {[%emt
00:00:21]} 0-1

[Event "DVM U12w 2024"]
[Site "Bad Homburg GER"]
[Date "2024.12.29"]
[Round "5"]
[White "Raghavan, Madhushri"]
[Black "Subocz, Emma"]
[Result "0-1"]
[Termination "normal"]
[Board "1.3"]
[WhiteElo "1410"]
[BlackElo "1106"]
[WhiteClock "00:34:39"]
[BlackClock "01:16:48"]
[WhiteTeam "SF München"]
[BlackTeam "SAV Torgelow-Drögeheide 90"]
[PlyCount "128"]
[WhiteFideId "34688390"]
[BlackFideId "41805666"]
[EventCountry "GER"]
[EventRounds "7"]
[EventType "team-swiss"]
[EventDate "2024.12.26"]

1. d4 {[%clk 01:30:27]} {[%emt 00:00:32]} d5 {[%clk 01:30:53]} {[%emt
00:00:07]} 2. c4 {[%clk 01:30:35]} {[%emt 00:00:22]} e6 {[%clk 01:31:16]}
{[%emt 00:00:07]} 3. Nc3 {[%clk 01:30:28]} {[%emt 00:00:36]} Nf6 {[%clk
01:31:34]} {[%emt 00:00:13]} 4. Bg5 {[%clk 01:30:24]} {[%emt 00:00:32]} Nbd7
{[%clk 01:31:43]} {[%emt 00:00:23]} 5. cxd5 {[%clk 01:30:33]} {[%emt 00:00:22]}
exd5 {[%clk 01:31:56]} {[%emt 00:00:16]} 6. Nxd5 {[%clk 01:29:42]} {[%emt
00:01:21]} Nxd5 {[%clk 01:32:08]} {[%emt 00:00:19]} 7. Bxd8 {[%clk 01:28:23]}
{[%emt 00:01:48]} Bb4+ {[%clk 01:32:28]} {[%emt 00:00:08]} 8. Qd2 {[%clk
01:27:46]} {[%emt 00:01:09]} Bxd2+ {[%clk 01:32:51]} {[%emt 00:00:07]} 9. Kxd2
{[%clk 01:27:49]} {[%emt 00:00:27]} Kxd8 {[%clk 01:33:12]} {[%emt 00:00:09]}
10. Rd1 {[%clk 01:26:33]} {[%emt 00:01:40]} b6 {[%clk 01:32:59]} {[%emt
00:00:49]} 11. Kc1 {[%clk 01:26:19]} {[%emt 00:00:40]} Bb7 {[%clk 01:33:10]}
{[%emt 00:00:24]} 12. Nf3 {[%clk 01:25:04]} {[%emt 00:01:27]} Nb4 {[%clk
01:32:15]} {[%emt 00:01:42]} 13. a3 {[%clk 01:23:22]} {[%emt 00:02:09]} Nd5
{[%clk 01:32:33]} {[%emt 00:00:16]} 14. Ne5 {[%clk 01:22:28]} {[%emt 00:01:12]}
Nxe5 {[%clk 01:32:50]} {[%emt 00:00:26]} 15. dxe5 {[%clk 01:22:42]} {[%emt
00:00:16]} Ke7 {[%clk 01:33:09]} {[%emt 00:00:11]} 16. h4 {[%clk 01:20:44]}
{[%emt 00:02:23]} Rhc8 {[%clk 01:33:15]} {[%emt 00:00:28]} 17. h5 {[%clk
01:20:50]} {[%emt 00:00:22]} h6 {[%clk 01:33:44]} {[%emt 00:00:05]} 18. Rh4
{[%clk 01:20:14]} {[%emt 00:00:59]} c5 {[%clk 01:33:35]} {[%emt 00:00:44]} 19.
Rg4 {[%clk 01:17:41]} {[%emt 00:02:41]} Kf8 {[%clk 01:33:55]} {[%emt 00:00:33]}
20. Rd3 {[%clk 01:17:00]} {[%emt 00:01:00]} Rc7 {[%clk 01:33:43]} {[%emt
00:00:53]} 21. e4 {[%clk 01:15:44]} {[%emt 00:01:41]} Ne7 {[%clk 01:33:29]}
{[%emt 00:00:45]} 22. Rdg3 {[%clk 01:15:28]} {[%emt 00:00:40]} g6 {[%clk
01:33:47]} {[%emt 00:00:24]} 23. hxg6 {[%clk 01:13:45]} {[%emt 00:02:14]} fxg6
{[%clk 01:34:07]} {[%emt 00:00:10]} 24. Rf4+ {[%clk 01:12:39]} {[%emt
00:01:25]} Kg7 {[%clk 01:34:25]} {[%emt 00:00:21]} 25. Bc4 {[%clk 01:11:16]}
{[%emt 00:01:46]} Nc6 {[%clk 01:34:23]} {[%emt 00:00:39]} 26. Rf5 {[%clk
01:09:08]} {[%emt 00:01:59]} Nd4 {[%clk 01:31:35]} {[%emt 00:03:58]} 27. Rf4
{[%clk 01:05:56]} {[%emt 00:03:25]} a6 {[%clk 01:31:40]} {[%emt 00:00:42]} 28.
Kd2 {[%clk 01:02:52]} {[%emt 00:03:21]} Rd8 {[%clk 01:31:36]} {[%emt 00:00:46]}
29. Ke1 {[%clk 01:01:36]} {[%emt 00:01:34]} b5 {[%clk 01:30:07]} {[%emt
00:02:11]} 30. Bd3 {[%clk 01:00:57]} {[%emt 00:00:56]} c4 {[%clk 01:30:03]}
{[%emt 00:00:47]} 31. Bb1 {[%clk 01:00:49]} {[%emt 00:00:23]} Rcd7 {[%clk
01:30:19]} {[%emt 00:00:29]} 32. Rf6 {[%clk 00:59:47]} {[%emt 00:01:11]} g5
{[%clk 01:27:05]} {[%emt 00:04:05]} 33. f4 {[%clk 00:58:23]} {[%emt 00:01:42]}
Nb3 {[%clk 01:20:05]} {[%emt 00:07:43]} 34. Kf2 {[%clk 00:53:50]} {[%emt
00:04:56]} Rd2+ {[%clk 01:20:14]} {[%emt 00:00:23]} 35. Kf3 {[%clk 00:52:48]}
{[%emt 00:01:20]} R8d7 {[%clk 01:14:39]} {[%emt 00:06:24]} 36. fxg5 {[%clk
00:52:22]} {[%emt 00:00:54]} hxg5 {[%clk 01:13:37]} {[%emt 00:01:32]} 37. Rxg5+
{[%clk 00:52:08]} {[%emt 00:00:43]} Kh8 {[%clk 01:14:00]} {[%emt 00:00:07]} 38.
e6 {[%clk 00:47:52]} {[%emt 00:04:38]} Re7 {[%clk 01:12:25]} {[%emt 00:02:13]}
39. Rh5+ {[%clk 00:46:13]} {[%emt 00:01:57]} Kg7 {[%clk 01:12:34]} {[%emt
00:00:34]} 40. Rf7+ {[%clk 00:45:12]} {[%emt 00:01:25]} Rxf7+ {[%clk 01:12:15]}
{[%emt 00:00:55]} 41. exf7 {[%clk 00:45:26]} {[%emt 00:00:16]} Bxe4+ {[%clk
01:11:32]} {[%emt 00:01:13]} 42. Bxe4 {[%clk 00:43:22]} {[%emt 00:02:33]} Kxf7
{[%clk 01:11:38]} {[%emt 00:00:24]} 43. Rh7+ {[%clk 00:40:15]} {[%emt
00:03:31]} Kg8 {[%clk 01:11:47]} {[%emt 00:00:28]} 44. Ra7 {[%clk 00:34:50]}
{[%emt 00:05:53]} a5 {[%clk 01:12:02]} {[%emt 00:00:17]} 45. Rb7 {[%clk
00:33:42]} {[%emt 00:02:20]} Rxb2 {[%clk 01:12:22]} 46. Rxb5 {[%clk 00:33:46]}
Nd4+ {[%clk 01:12:41]} {[%emt 00:00:04]} 47. Ke3 {[%clk 00:33:40]} {[%emt
00:00:34]} Nxb5 {[%clk 01:13:01]} {[%emt 00:00:11]} 48. Bd5+ {[%clk 00:33:13]}
{[%emt 00:00:54]} Kg7 {[%clk 01:13:04]} {[%emt 00:02:38]} 49. Bxc4 {[%clk
00:35:26]} {[%emt 00:00:18]} Nxa3 {[%clk 01:13:21]} {[%emt 00:00:13]} 50. Bd5
{[%clk 00:35:09]} {[%emt 00:00:39]} Nb5 {[%clk 01:13:20]} {[%emt 00:00:37]} 51.
Be4 {[%clk 00:34:55]} {[%emt 00:00:29]} a4 {[%clk 01:13:42]} {[%emt 00:00:23]}
52. Bd5 {[%clk 00:34:15]} {[%emt 00:01:01]} a3 {[%clk 01:13:42]} {[%emt
00:00:39]} 53. g4 {[%clk 00:34:19]} {[%emt 00:00:18]} Nc3 {[%clk 01:14:04]}
{[%emt 00:00:15]} 54. Bc4 {[%clk 00:34:11]} {[%emt 00:00:27]} Rb4 {[%clk
01:13:47]} {[%emt 00:00:57]} 55. Be6 {[%clk 00:33:18]} {[%emt 00:01:02]} Re4+
{[%clk 01:14:02]} {[%emt 00:00:37]} 56. Kd3 {[%clk 00:33:29]} {[%emt 00:00:13]}
Rxe6 {[%clk 01:14:28]} {[%emt 00:00:10]} 57. Kxc3 {[%clk 00:33:41]} {[%emt
00:00:17]} Rb6 {[%clk 01:14:52]} {[%emt 00:00:06]} 58. Kc4 {[%clk 00:33:53]}
{[%emt 00:00:18]} a2 {[%clk 01:15:14]} {[%emt 00:00:09]} 59. Kc5 {[%clk
00:33:57]} {[%emt 00:00:24]} Rb1 {[%clk 01:15:19]} {[%emt 00:00:26]} 60. Kc4
{[%clk 00:33:34]} {[%emt 00:00:52]} a1=Q {[%clk 01:15:42]} {[%emt 00:00:08]}
61. Kc5 {[%clk 00:33:48]} {[%emt 00:00:16]} Qc3+ {[%clk 01:16:01]} {[%emt
00:00:11]} 62. Kd5 {[%clk 00:34:05]} {[%emt 00:00:13]} Rd1+ {[%clk 01:16:07]}
{[%emt 00:00:24]} 63. Ke6 {[%clk 00:34:23]} {[%emt 00:00:12]} Qe3+ {[%clk
01:16:29]} {[%emt 00:00:09]} 64. Kf5 {[%clk 00:34:39]} {[%emt 00:00:12]} Rf1#
{[%clk 01:16:48]} {[%emt 00:00:12]} 0-1

[Event "DVM U12w 2024"]
[Site "Bad Homburg GER"]
[Date "2024.12.29"]
[Round "5"]
[White "Zietz, Leni"]
[Black "Markl, Paula"]
[Result "1-0"]
[Termination "normal"]
[Board "1.4"]
[WhiteElo "1071"]
[BlackElo "759"]
[WhiteClock "01:31:16"]
[BlackClock "01:03:37"]
[WhiteTeam "SAV Torgelow-Drögeheide 90"]
[BlackTeam "SF München"]
[PlyCount "73"]
[WhiteFideId "533025886"]
[BlackFideId "533025916"]
[EventCountry "GER"]
[EventRounds "7"]
[EventType "team-swiss"]
[EventDate "2024.12.26"]

1. d4 {[%clk 01:30:59]} d5 {[%clk 01:30:50]} {[%emt 00:00:10]} 2. Nf3 {[%clk
01:31:17]} {[%emt 00:00:11]} Nf6 {[%clk 01:31:05]} {[%emt 00:00:15]} 3. Bf4
{[%clk 01:31:38]} {[%emt 00:00:09]} g6 {[%clk 01:31:06]} {[%emt 00:00:29]} 4.
e3 {[%clk 01:32:00]} {[%emt 00:00:09]} c6 {[%clk 01:31:10]} {[%emt 00:00:25]}
5. Nbd2 {[%clk 01:32:15]} {[%emt 00:00:15]} Bg7 {[%clk 01:31:31]} {[%emt
00:00:09]} 6. c4 {[%clk 01:32:26]} {[%emt 00:00:20]} Bf5 {[%clk 01:31:16]}
{[%emt 00:00:45]} 7. Be2 {[%clk 01:32:37]} {[%emt 00:00:19]} Nbd7 {[%clk
01:31:11]} {[%emt 00:00:35]} 8. O-O {[%clk 01:32:53]} {[%emt 00:00:14]} O-O
{[%clk 01:31:23]} {[%emt 00:00:18]} 9. Ne5 {[%clk 01:32:58]} {[%emt 00:00:25]}
a6 {[%clk 01:30:16]} {[%emt 00:01:37]} 10. Rc1 {[%clk 01:33:01]} {[%emt
00:00:27]} Nb6 {[%clk 01:29:48]} {[%emt 00:00:58]} 11. c5 {[%clk 01:32:57]}
{[%emt 00:00:35]} Nc8 {[%clk 01:27:41]} {[%emt 00:02:37]} 12. Qb3 {[%clk
01:32:51]} {[%emt 00:00:36]} e6 {[%clk 01:27:37]} {[%emt 00:00:34]} 13. Qxb7
{[%clk 01:32:21]} {[%emt 00:01:00]} Ra7 {[%clk 01:26:10]} {[%emt 00:01:58]} 14.
Qxc6 {[%clk 01:31:22]} {[%emt 00:01:28]} Ne7 {[%clk 01:23:41]} {[%emt
00:02:59]} 15. Qa4 {[%clk 01:31:11]} {[%emt 00:00:41]} Qe8 {[%clk 01:21:02]}
{[%emt 00:03:08]} 16. Qxe8 {[%clk 01:30:44]} {[%emt 00:00:57]} Rxe8 {[%clk
01:21:22]} {[%emt 00:00:11]} 17. Rc3 {[%clk 01:30:39]} {[%emt 00:00:34]} Rc8
{[%clk 01:21:41]} {[%emt 00:00:12]} 18. Rfc1 {[%clk 01:30:56]} {[%emt
00:00:13]} Rb8 {[%clk 01:18:21]} {[%emt 00:03:47]} 19. Nc6 {[%clk 01:30:39]}
{[%emt 00:00:50]} Rxb2 {[%clk 01:17:49]} {[%emt 00:01:00]} 20. Nxa7 {[%clk
01:30:08]} {[%emt 00:01:02]} Ne4 {[%clk 01:15:12]} {[%emt 00:03:07]} 21. Nxe4
{[%clk 01:30:06]} {[%emt 00:00:32]} Bxe4 {[%clk 01:15:15]} {[%emt 00:00:27]}
22. Bd3 {[%clk 01:30:05]} {[%emt 00:00:31]} Bxd3 {[%clk 01:13:35]} {[%emt
00:02:09]} 23. Rxd3 {[%clk 01:30:27]} {[%emt 00:00:09]} Nf5 {[%clk 01:13:24]}
{[%emt 00:00:42]} 24. c6 {[%clk 01:30:35]} {[%emt 00:00:22]} Bf8 {[%clk
01:11:21]} {[%emt 00:02:33]} 25. c7 {[%clk 01:30:51]} {[%emt 00:00:15]} Bb4
{[%clk 01:08:12]} {[%emt 00:03:38]} 26. Be5 {[%clk 01:30:34]} {[%emt 00:00:47]}
f6 {[%clk 01:08:20]} {[%emt 00:00:23]} 27. Bxf6 {[%clk 01:30:43]} {[%emt
00:00:20]} Nd6 {[%clk 01:08:29]} {[%emt 00:00:20]} 28. Be5 {[%clk 01:30:54]}
{[%emt 00:00:20]} Nf7 {[%clk 01:07:22]} {[%emt 00:01:37]} 29. c8=Q+ {[%clk
01:31:15]} {[%emt 00:00:10]} Bf8 {[%clk 01:07:04]} {[%emt 00:00:47]} 30. Rdc3
{[%clk 01:31:11]} {[%emt 00:00:33]} Nxe5 {[%clk 01:07:27]} {[%emt 00:00:08]}
31. dxe5 {[%clk 01:31:27]} {[%emt 00:00:14]} Kg7 {[%clk 01:07:26]} {[%emt
00:00:31]} 32. g4 {[%clk 01:31:46]} {[%emt 00:00:12]} Be7 {[%clk 01:07:29]}
{[%emt 00:00:26]} 33. f4 {[%clk 01:31:18]} {[%emt 00:00:58]} Kh6 {[%clk
01:07:13]} {[%emt 00:00:46]} 34. Rc7 {[%clk 01:30:38]} {[%emt 00:01:11]} Bb4
{[%clk 01:07:06]} {[%emt 00:00:37]} 35. h4 {[%clk 01:30:58]} {[%emt 00:00:09]}
g5 {[%clk 01:03:57]} {[%emt 00:03:39]} 36. Qe8 {[%clk 01:30:56]} {[%emt
00:00:32]} gxf4 {[%clk 01:03:37]} {[%emt 00:00:49]} 37. Qh5# {[%clk 01:31:16]}
{[%emt 00:00:11]} 1-0

[Event "DVM U12w 2024"]
[Site "Bad Homburg GER"]
[Date "2024.12.29"]
[Round "5"]
[White "Frenzel, Qorianka"]
[Black "Bayer, Klara"]
[Result "1/2-1/2"]
[Termination "normal"]
[Board "2.1"]
[WhiteElo "1568"]
[BlackElo "1618"]
[WhiteClock "00:26:41"]
[BlackClock "00:35:13"]
[WhiteTeam "SG Porz"]
[BlackTeam "TSG Oberschöneweide"]
[PlyCount "157"]
[WhiteFideId "276294"]
[BlackFideId "34658955"]
[EventCountry "GER"]
[EventRounds "7"]
[EventType "team-swiss"]
[EventDate "2024.12.26"]

1. e4 {[%clk 01:30:57]} {[%emt 00:00:02]} c5 {[%clk 01:30:54]} {[%emt
00:00:06]} 2. Nf3 {[%clk 01:31:24]} {[%emt 00:00:05]} d6 {[%clk 01:31:18]}
{[%emt 00:00:05]} 3. d4 {[%clk 01:31:49]} {[%emt 00:00:05]} cxd4 {[%clk
01:31:43]} {[%emt 00:00:05]} 4. Nxd4 {[%clk 01:32:13]} {[%emt 00:00:06]} Nf6
{[%clk 01:32:09]} {[%emt 00:00:04]} 5. Nc3 {[%clk 01:32:36]} {[%emt 00:00:08]}
a6 {[%clk 01:32:34]} {[%emt 00:00:04]} 6. Bg5 {[%clk 01:32:58]} {[%emt
00:00:08]} e6 {[%clk 01:32:50]} {[%emt 00:00:14]} 7. Bc4 {[%clk 01:33:22]}
{[%emt 00:00:06]} Be7 {[%clk 01:33:10]} {[%emt 00:00:09]} 8. Bb3 {[%clk
01:33:45]} {[%emt 00:00:07]} b5 {[%clk 01:33:15]} {[%emt 00:00:25]} 9. a3
{[%clk 01:32:49]} {[%emt 00:01:27]} Bb7 {[%clk 01:33:33]} {[%emt 00:00:12]} 10.
Qd3 {[%clk 01:31:59]} {[%emt 00:01:21]} Nbd7 {[%clk 01:32:17]} {[%emt
00:01:47]} 11. Bxe6 {[%clk 01:25:52]} {[%emt 00:06:36]} Nc5 {[%clk 01:30:06]}
{[%emt 00:02:40]} 12. Bxf7+ {[%clk 01:20:10]} {[%emt 00:06:13]} Kxf7 {[%clk
01:30:21]} {[%emt 00:00:15]} 13. Qe3 {[%clk 01:15:18]} {[%emt 00:05:20]} Rf8
{[%clk 01:19:44]} {[%emt 00:11:07]} 14. O-O {[%clk 01:11:39]} {[%emt 00:04:09]}
Nfxe4 {[%clk 01:09:52]} {[%emt 00:10:23]} 15. Nxe4 {[%clk 01:08:29]} {[%emt
00:03:40]} Nxe4 {[%clk 01:08:29]} {[%emt 00:01:54]} 16. Bxe7 {[%clk 00:59:11]}
{[%emt 00:09:47]} Qxe7 {[%clk 01:08:43]} {[%emt 00:00:15]} 17. Nf5 {[%clk
00:57:36]} {[%emt 00:02:05]} Qd7 {[%clk 00:57:59]} {[%emt 00:11:14]} 18. f3
{[%clk 00:55:25]} {[%emt 00:02:40]} Nc5 {[%clk 00:57:37]} {[%emt 00:00:52]} 19.
Qg5 {[%clk 00:54:05]} {[%emt 00:01:51]} Kg8 {[%clk 00:55:11]} {[%emt 00:02:56]}
20. Nh6+ {[%clk 00:45:18]} {[%emt 00:09:17]} Kh8 {[%clk 00:54:45]} {[%emt
00:00:57]} 21. Ng4 {[%clk 00:43:33]} {[%emt 00:02:14]} Rae8 {[%clk 00:51:07]}
{[%emt 00:04:07]} 22. Rad1 {[%clk 00:42:10]} {[%emt 00:01:54]} Qc7 {[%clk
00:43:27]} {[%emt 00:08:10]} 23. Rfe1 {[%clk 00:39:48]} {[%emt 00:03:12]} Na4
{[%clk 00:32:34]} {[%emt 00:11:04]} 24. Rb1 {[%clk 00:31:06]} {[%emt 00:09:11]}
Rxe1+ {[%clk 00:29:05]} {[%emt 00:03:59]} 25. Rxe1 {[%clk 00:30:58]} {[%emt
00:00:38]} Nxb2 {[%clk 00:19:02]} {[%emt 00:10:33]} 26. Qf4 {[%clk 00:28:03]}
{[%emt 00:03:26]} Qd8 {[%clk 00:18:13]} {[%emt 00:01:18]} 27. Qd4 {[%clk
00:27:11]} {[%emt 00:01:23]} Na4 {[%clk 00:18:15]} {[%emt 00:00:28]} 28. Re6
{[%clk 00:23:33]} {[%emt 00:04:08]} d5 {[%clk 00:16:37]} {[%emt 00:02:08]} 29.
Qe5 {[%clk 00:20:32]} {[%emt 00:03:31]} d4 {[%clk 00:15:46]} {[%emt 00:01:21]}
30. Nh6 {[%clk 00:20:24]} {[%emt 00:00:38]} Qc8 {[%clk 00:14:44]} {[%emt
00:01:32]} 31. Nf7+ {[%clk 00:20:11]} {[%emt 00:00:43]} Kg8 {[%clk 00:15:02]}
{[%emt 00:00:12]} 32. Nd6 {[%clk 00:16:53]} {[%emt 00:03:48]} Qc5 {[%emt
00:01:15]} 33. Nxb7 {[%clk 00:16:31]} {[%emt 00:00:51]} Qxe5 {[%clk 00:14:39]}
{[%emt 00:00:09]} 34. Rxe5 {[%clk 00:16:57]} {[%emt 00:00:05]} Rc8 {[%clk
00:14:59]} {[%emt 00:00:10]} 35. Nd6 {[%clk 00:16:47]} {[%emt 00:00:40]} Rd8
{[%clk 00:14:48]} {[%emt 00:00:41]} 36. Rd5 {[%clk 00:16:39]} {[%emt 00:00:39]}
Nb6 {[%clk 00:14:47]} {[%emt 00:00:31]} 37. Rxd4 {[%clk 00:16:49]} {[%emt
00:00:19]} Nc4 {[%clk 00:14:39]} {[%emt 00:00:38]} 38. Nf5 {[%clk 00:16:54]}
{[%emt 00:00:26]} Rxd4 {[%clk 00:14:59]} {[%emt 00:00:09]} 39. Nxd4 {[%clk
00:17:17]} {[%emt 00:00:07]} Nxa3 {[%clk 00:15:25]} {[%emt 00:00:04]} 40. Kf2
{[%clk 00:17:21]} {[%emt 00:00:26]} Kf7 {[%clk 00:15:38]} {[%emt 00:00:17]} 41.
Ke3 {[%clk 00:17:18]} {[%emt 00:00:32]} Ke7 {[%clk 00:15:36]} {[%emt 00:00:32]}
42. Kd3 {[%clk 00:17:19]} {[%emt 00:00:30]} Kd7 {[%emt 00:01:31]} 43. Kc3
{[%clk 00:15:22]} {[%emt 00:02:27]} g6 {[%clk 00:14:13]} {[%emt 00:00:52]} 44.
Kb4 {[%clk 00:14:47]} {[%emt 00:01:05]} Nc4 {[%clk 00:14:23]} {[%emt 00:00:20]}
45. Kc5 {[%clk 00:13:49]} {[%emt 00:01:28]} h6 {[%clk 00:11:48]} {[%emt
00:03:05]} 46. g4 {[%clk 00:12:06]} {[%emt 00:02:13]} Kc7 {[%clk 00:10:10]}
{[%emt 00:02:08]} 47. Ne6+ {[%clk 00:11:44]} {[%emt 00:00:51]} Kb7 {[%clk
00:10:33]} {[%emt 00:00:08]} 48. Nf4 {[%clk 00:09:19]} {[%emt 00:02:56]} g5
{[%clk 00:10:24]} {[%emt 00:00:38]} 49. Ng6 {[%clk 00:09:30]} {[%emt 00:00:18]}
Ne3 {[%clk 00:10:25]} {[%emt 00:00:29]} 50. c3 {[%clk 00:09:42]} {[%emt
00:00:19]} Kc7 {[%clk 00:10:13]} {[%emt 00:00:42]} 51. h4 {[%clk 00:09:27]}
{[%emt 00:00:46]} Nd1 {[%clk 00:09:37]} {[%emt 00:01:05]} 52. hxg5 {[%clk
00:09:21]} {[%emt 00:00:36]} hxg5 {[%clk 00:10:00]} {[%emt 00:00:07]} 53. c4
{[%clk 00:03:44]} {[%emt 00:06:07]} bxc4 {[%clk 00:09:57]} {[%emt 00:00:33]}
54. Kxc4 {[%clk 00:02:27]} {[%emt 00:01:47]} Kb6 {[%clk 00:10:12]} {[%emt
00:00:14]} 55. f4 {[%clk 00:01:11]} {[%emt 00:01:47]} gxf4 {[%clk 00:10:27]}
{[%emt 00:00:15]} 56. Nxf4 {[%clk 00:01:26]} {[%emt 00:00:15]} Ne3+ {[%clk
00:10:49]} {[%emt 00:00:07]} 57. Kb4 {[%clk 00:01:48]} {[%emt 00:00:08]} Nxg4
{[%clk 00:10:38]} {[%emt 00:00:41]} 58. Nd5+ {[%clk 00:02:10]} {[%emt
00:00:08]} Kb7 {[%clk 00:10:52]} {[%emt 00:00:17]} 59. Ka5 {[%clk 00:02:32]}
{[%emt 00:00:08]} Ne5 {[%clk 00:11:06]} {[%emt 00:00:15]} 60. Nb4 {[%clk
00:02:14]} {[%emt 00:00:47]} Nc4+ {[%clk 00:11:20]} {[%emt 00:00:17]} 61. Ka4
{[%clk 00:02:22]} {[%emt 00:00:22]} a5 {[%clk 00:11:30]} {[%emt 00:00:21]} 62.
Na2 {[%clk 00:02:01]} {[%emt 00:00:51]} Kb6 {[%clk 00:11:44]} {[%emt 00:00:16]}
63. Nc3 {[%clk 00:02:06]} {[%emt 00:00:25]} Kc5 {[%clk 00:11:34]} {[%emt
00:00:40]} 64. Kb3 {[%clk 00:02:18]} {[%emt 00:00:17]} Kd4 {[%clk 00:10:18]}
{[%emt 00:01:46]} 65. Kc2 {[%clk 00:01:57]} {[%emt 00:00:51]} Ke3 {[%emt
00:01:06]} 66. Na4 {[%clk 00:01:24]} {[%emt 00:01:02]} Kd4 {[%clk 00:08:49]}
{[%emt 00:01:25]} 67. Nc3 {[%clk 00:01:30]} {[%emt 00:00:24]} Ne3+ {[%clk
00:09:06]} {[%emt 00:00:13]} 68. Kb3 {[%clk 00:01:32]} {[%emt 00:00:28]} Nc4
{[%clk 00:06:12]} {[%emt 00:03:24]} 69. Kc2 {[%clk 00:00:41]} {[%emt 00:01:21]}
Kc5 {[%clk 00:06:22]} {[%emt 00:00:20]} 70. Na4+ {[%clk 00:29:08]} {[%emt
00:02:02]} Kb4 {[%clk 00:36:40]} {[%emt 00:00:12]} 71. Nc3 {[%clk 00:29:13]}
{[%emt 00:00:26]} Ne3+ {[%clk 00:35:53]} {[%emt 00:01:17]} 72. Kb2 {[%clk
00:29:02]} {[%emt 00:00:40]} Kc4 {[%clk 00:35:43]} {[%emt 00:00:40]} 73. Na4
{[%clk 00:28:19]} {[%emt 00:01:13]} Nd1+ {[%clk 00:35:30]} {[%emt 00:00:43]}
74. Ka3 {[%clk 00:27:38]} {[%emt 00:01:11]} Ne3 {[%clk 00:34:43]} {[%emt
00:01:16]} 75. Nb2+ {[%clk 00:27:24]} {[%emt 00:00:45]} Kb5 {[%clk 00:34:55]}
{[%emt 00:00:18]} 76. Kb3 {[%clk 00:27:28]} {[%emt 00:00:25]} Nd5 {[%clk
00:35:12]} {[%emt 00:00:13]} 77. Ka3 {[%clk 00:26:44]} {[%emt 00:01:15]} Nc3
{[%clk 00:35:09]} {[%emt 00:00:33]} 78. Kb3 {[%clk 00:27:03]} {[%emt 00:00:11]}
Nb1 {[%clk 00:35:13]} {[%emt 00:00:26]} 79. Na4 {[%clk 00:26:41]} {[%emt
00:00:52]} *